Dane - účtovníctvo - odvody bez chýb, pokút a penále

Uložené v:
Podrobná bibliografia
Médium: Seriál
Jazyk:Slovak
Vydavateľské údaje: Žilina Poradca 2018
Predmet:
Tagy: Pridať tag
Žiadne tagy, Buďte prvý, kto otaguje tento záznam!

MARC

LEADER 00000nas2a2200000 4500
001 0290505
005 20230126085622.9
022 |a 1336-7986 
041 0 |a slo 
044 |a SK 
245 1 0 |a Dane - účtovníctvo - odvody  |b bez chýb, pokút a penále 
264 1 |a Žilina  |b Poradca  |c 2018 
773 0 |w eu_un_cat*0039365 
610 2 0 |a dane 
610 2 0 |a účtovníctvo 
610 2 0 |a odvody